Top Girls Names Starting with B (2018) Quiz Stats

 Plays Quiz not verified by Sporcle

Score 0/38 Timer 08:00
0 Plays Today
Rank Name % Correct
48Bella
96.4%
132Brianna
96.4%
541Briana
96.4%
762Bria
95.5%
859Belle
93.8%
481Bethany
90.2%
133Bailey
86.6%
572Baylee
86.6%
627Bailee
86.6%
47Brooklyn
85.7%
219Brooklynn
85.7%
201Brooke
84.8%
879Brittany
80.4%
99Brielle
76.8%
305Brynn
74.1%
691Bonnie
73.2%
718Bridget
73.2%
573Beatrice
71.4%
403Bianca
70.5%
Rank Name % Correct
279Blake
68.8%
930Barbara
67.9%
210Brynlee
66.1%
338Brinley
66.1%
906Brynleigh
66.1%
259Briella
62.5%
432Blair
60.7%
845Blaire
60.7%
670Brylee
59.8%
250Blakely
50.9%
788Braylee
48.2%
397Braelynn
45.5%
643Braelyn
45.5%
513Bristol
38.4%
794Belen
32.1%
962Bellamy
25.9%
687Briar
24.1%
942Berkley
18.8%
902Bexley
17.9%

You're not logged in!

Compare scores with friends on all Sporcle quizzes.
OR
Log In

Show Comments

Extras

Top Quizzes Today


Score Distribution

Your Account Isn't Verified!

In order to create a playlist on Sporcle, you need to verify the email address you used during registration. Go to your Sporcle Settings to finish the process.

Report this User

Report this user for behavior that violates our Community Guidelines.

Details: